000 00268nam a2200121Ia 4500
100 _aMorrow/L.C
942 _cBK
654 _aHandbook
245 _aMaintenance Engineering Handbook
260 _bMcGraw Hill
_aNEWYORK
_c1966
082 _a658.2Mor
546 _aENGLISH
999 _c18971
_d18971